000
00219nam a22000857a 4500
008
161228b xxu||||| |||| 00| 0 eng d
100
_9
2198
_a
NCERT
245
_a
Social Science-Contemporkty-9
260
_a
New Delhi
_b
NCERT
_c
2007
999
_c
5086
_d
5086